000 00655nam a22001937a 4500
999 _c167824
_d167824
005 20190919170410.0
010 _aUR-10484
020 _c350.00
_a-
035 _aU-9039
037 _bDBAD/PUB
_a-
082 _a841
100 _aصو فيہ ا نجم تا ج
245 _a بہا ر بے خز ا ں
_cصو فيہ ا نجم تا ج
246 _bBahar Be Khizan (Urdu)
_aby Sufia Anjum Taaj
260 _aN.Delhi
_bM.R.Publications
_c2018 ء
270 _a10,Metro Pole,Market 2724-251st floor Kucha Chelan,Dariya Ganj,
_bN.Delhi
_e110002
_k09810784549
_l-
300 _a245 ص
_c22 Cm(Hb)
942 _2ddc
_cUR
_h841
_mا ن ج